000 00681nam a2200289Ia 4500
005 20260324143503.0
008 008 260324s9999 xx 000 0 eng d
020 _a9780203218686
037 _aEBOOK
040 _aCRL
040 _beng
040 _cCRL
041 _2eng
041 _aeng
084 _qCRL
100 _aOzay Mehmet
_91172213
245 0 _aIslamic Identity and Development
245 0 _bStudies of the Islamic Periphery
260 _bTaylor and Francis
260 _c1991
365 _a
365 _b255
856 _uhttp://www.taylorfrancis.com/books/9780203218686
942 _cEBOOK
999 _c1821276
_d1821276